Science Quiz

Random Science or Biology Quiz

Doctors without Borders Quiz Stats

 Plays Quiz not verified by Sporcle

Support Sporcle.
Go Orange.
Score 0/30 Timer 08:00
0 Plays Today
Name Doctor % Correct
Ivan Pavl_vIvan Pavlov
67.4%
Al_xan___ Fl_mingAlexander Fleming
65.1%
Gal_nGalen
64.5%
H_n_y H_imlichHenry Heimlich
60.5%
_igmun_ F__u_Sigmund Freud
59.9%
Hipp_c_at__Hippocrates
58.7%
A_thu_ C_nan __yl_Arthur Conan Doyle
58.7%
Jam__ Pa_kin__nJames Parkinson
58.7%
Vi_ginia Apga_Virginia Apgar
57.6%
_liza__th _lackw_llElizabeth Blackwell
57.6%
William Ha_v_yWilliam Harvey
56.4%
Avic_nnaAvicenna
52.9%
Camill_ G_lgiCamillo Golgi
50.6%
_____t K_chRobert Koch
49.4%
Al_i_ Alzh_im__Alois Alzheimer
47.7%
Name Doctor % Correct
J_hn _n_wJohn Snow
46.5%
Vivi_n Th_ma_Vivien Thomas
45.3%
__wa__ J_nn__Edward Jenner
40.1%
Am___i__ Pa_éAmbroise Paré
38.4%
J___ph Li_t__Joseph Lister
37.8%
J_hn Lang__n __wnJohn Langdon Down
36.6%
__g__ _anni_t__Roger Bannister
34.3%
G___g__ Gill__ __ la T_u__tt_Georges Gilles de la Tourette
30.8%
J_an-Ma_tin Cha_c_tJean-Martin Charcot
25.6%
Ch_i_tiaan _a_na__Christiaan Barnard
23.8%
H_l_n Tau__igHelen Taussig
14%
An___a_ V__aliu_Andreas Vesalius
10.5%
__n_t G_äf_n___gErnst Gräfenberg
10.5%
Clau__ ___na__Claude Bernard
8.7%
Lúcia P_tt__l_Lúcia Petterle
8.7%

You're not logged in!

Compare scores with friends on all Sporcle quizzes.
OR
Log In

From the Vault

Closest Countries to Israel

by NarwhalNukeYT

Take our word for it. This quiz Israeli fun.
Remove Ads.
Support Sporcle.
Get the best of Sporcle when you Go Orange. This ad-free experience offers more features, more stats, and more fun while also helping to support Sporcle. Thank you for becoming a member.

Show Comments

Extras

Top Quizzes Today


Score Distribution

Your Account Isn't Verified!

In order to create a playlist on Sporcle, you need to verify the email address you used during registration. Go to your Sporcle Settings to finish the process.

Report this User

Report this user for behavior that violates our Community Guidelines.

Details: